01001nam a22002417a 45000010005000000030006000050050017000110080041000280200018000690400029000870500013001160820013001291000023001422450114001652600037002793000049003165050008003655200278003735210021006515210020006726500033006927000034007255844FISKH20250124123754.0250124b cb ||||| |||| 00| 0 eng d a9780545681056 aFISKHbengcFISKHdFISKH aE457.S26 a973.7092 aSandler, Martin W. aLincoln through the lens :bHow photography revealed and shaped an extraordinary life /cby Martin W. Sandler aNew York :bScholastic , c2008. a97 pages : bcolor illustrations ;c23 cm .  aZ  aOffers a complete portrait of this celebrated president through a review of his childhood upbringing, political views and goals, and historic legacy through an examination of his speeches, including the Gettysburg address, period photographs, personal statements, and more.8 a1210 bLexile 8 aZ bRaz-Plus  aAbraham Lincolnvnon-fiction aMorris, AlyssaeBook designer